Application of layered structure (coding) to MC-CDMA systems (Record no. 10049)
[ view plain ]
| 000 -LEADER | |
|---|---|
| fixed length control field | 00650 a2200181 4500 |
| 003 - CONTROL NUMBER IDENTIFIER | |
| control field | NUST |
| 038 ## - RECORD CONTENT LICENSOR | |
| Staff Name | Nusrat Nadeem |
| 082 ## - DEWEY DECIMAL CLASSIFICATION NUMBER | |
| Classification number | BICSE-2 |
| 100 ## - MAIN ENTRY--PERSONAL NAME | |
| Personal name | Muhammad Awais |
| 9 (RLIN) | 51909 |
| 245 ## - TITLE STATEMENT | |
| Title | Application of layered structure (coding) to MC-CDMA systems |
| Statement of responsibility, etc. | Muhammad Awais & Bilal Azam |
| 260 ## - PUBLICATION, DISTRIBUTION, ETC. | |
| Place of publication, distribution, etc. | Islamabad : |
| Name of publisher, distributor, etc. | NUST School of Electrical Engineering & Computer Science, |
| Date of publication, distribution, etc. | 2009. |
| 300 ## - PHYSICAL DESCRIPTION | |
| Extent | viii, 60 p. : |
| Other physical details | ill. ; |
| Dimensions | 27 cm + |
| Accompanying material | CD-ROM |
| 500 ## - GENERAL NOTE | |
| General note | Supervisors : Ms. Khalida Noori, Mr. Sami Ahmad Haider. |
| 563 ## - BINDING INFORMATION | |
| Binding note | HB |
| 700 ## - ADDED ENTRY--PERSONAL NAME | |
| Personal name | Bilal Azam |
| 9 (RLIN) | 91604 |
| 856 ## - ELECTRONIC LOCATION AND ACCESS | |
| Uniform Resource Identifier | <a href="http://10.250.8.41:8080/xmlui/handle/123456789/10326">http://10.250.8.41:8080/xmlui/handle/123456789/10326</a> |
| 942 ## - ADDED ENTRY ELEMENTS (KOHA) | |
| Koha item type | Project Report |
| Call number prefix | BICSE-2 AWA |
| Source of classification or shelving scheme | |
| Withdrawn status | Lost status | Source of classification or shelving scheme | Damaged status | Not for loan | Permanent Location | Current Location | Date acquired | Full call number | Barcode | Date last seen | Price effective from | Koha item type |
|---|---|---|---|---|---|---|---|---|---|---|---|---|
| WITHDRAWN | Central Library (CL) | Central Library (CL) | 07/05/2022 | BICSE-2 AWA | SEECSP00811 | 11/14/2012 | 11/14/2012 | Project Report |
